| 000 | 01531nam a2200481 i 4500 | ||
|---|---|---|---|
| 001 | 6609 | ||
| 003 | KOSZ 005 | ||
| 005 | 20191009161444.0 | ||
| 008 | 970510s1994 pl a f |000 0 pol | ||
| 015 | _aPB 1994/3441 | ||
| 020 | _a8320809444 | ||
| 035 | _a991000455489705066 | ||
| 035 | _a(PL-WaBN)b10164522-48omnis_nlop | ||
| 035 | _ab10164522 | ||
| 035 | _a(OCoLC)69544879 | ||
| 035 | _a(PL)b0000001016452 | ||
| 035 | _a(EXLNZ-48OMNIS_NETWORK)9910273286205606 | ||
| 040 |
_aWA N _cWA N _dKOSZ 005/EG |
||
| 041 | _apol | ||
| 046 | _k1994 | ||
| 080 | _a339.138 | ||
| 080 | _a(075.8) | ||
| 100 | 1 |
_aKramer, Teodor _d(1926-2014) _eAutor |
|
| 245 | 1 | 0 |
_aPodstawy marketingu / _cTeodor Kramer. |
| 260 |
_aWarszawa : _bPańst. Wydaw. Ekonomiczne, _c1994. |
||
| 300 |
_a196, [4] s. : _bfaks., rys., wykr. ; _c21 cm. |
||
| 336 |
_2rdacontent _aTekst _btxt |
||
| 337 |
_2rdamedia _aBez urządzenia pośredniczącego _bn |
||
| 338 |
_2rdacarrier _aWolumin _bnc |
||
| 380 | _aKsiążki | ||
| 380 | _aPublikacje dydaktyczne | ||
| 385 |
_mPoziom nauczania _aSzkoły wyższe |
||
| 388 | _a1901-2000 | ||
| 388 | _a1989-2000 | ||
| 504 | _aBibliogr. s. 195-[197]. | ||
| 650 | 7 |
_aMarketing _2DBN |
|
| 655 | 7 |
_aPodręczniki akademickie _2DBN |
|
| 658 | _aZarządzanie i marketing | ||
| 710 | 2 |
_aPaństwowe Wydawnictwo Ekonomiczne _4pbl |
|
| 856 |
_uhttp://koha.tu.koszalin.pl/cgi-bin/koha/opac-detail.pl?biblionumber=6609 _yKatalog online BPK |
||
| 942 |
_2UKD _cKS |
||
| 999 |
_c6609 _d6609 |
||